Lineamientos para una estrategia tecnológica en el sector industrial /

Uloženo v:
Podrobná bibliografie
Hlavní autor: Izurieta Segura, Carlos A.
Korporace: Gobierno de Costa Rica, Fondo Provisorio de las Naciones Unidas sobre Ciencia y Tecnología para el Desarrollo
Médium: Text
Vydáno: San José: Gobierno de Costa Rica. Fondo Provisorio de las Naciones Unidas sobre Ciencia y Tecnología para el Desarrollo
Tagy: Přidat tag
Žádné tagy, Buďte první, kdo vytvoří štítek k tomuto záznamu!

MARC

LEADER 00000 a a2200000 04500
001 21354
003
040
090 |a 093700  
100 |a Izurieta Segura, Carlos A.  
110 |a Gobierno de Costa Rica  
245 |a Lineamientos para una estrategia tecnológica en el sector industrial /  |c Gobierno de Costa Rica  
260 |a San José:   |b Gobierno de Costa Rica. Fondo Provisorio de las Naciones Unidas sobre Ciencia y Tecnología para el Desarrollo  
300 |a 23 p  
710 |a Fondo Provisorio de las Naciones Unidas sobre Ciencia y Tecnología para el Desarrollo  
999 |c 14388  |d 14388